Normal view
MARC view
Entry Personal Name
001 - CONTROL NUMBER
- control field: 943
003 - CONTROL NUMBER IDENTIFIER
- control field: BD-RjUL
005 - DATE AND TIME OF LATEST TRANSACTION
- control field: 20220127121119.0
008 - FIXED-LENGTH DATA ELEMENTS
- fixed length control field: 220127|| aca||aabn | a|a d
040 ## - CATALOGING SOURCE
- Original cataloging agency: BD-RjUL
- Transcribing agency: BD-RjUL
100 ## - HEADING--PERSONAL NAME
- Personal name: বেগম, মোছাম্মৎ ফাতেমা জোহরা
670 ## - SOURCE DATA FOUND
- Source citation: Work cat.: (BD-RjUL)79267: বেগম, মোছাম্মৎ ফাতেমা জোহরা, বৃহত্তর রংপুর অঞ্চলের লোকনাট্য :, ২০১৩